000 00320nam a22001337a 4500
008 250714b |||||||| |||| 00| 0 eng d
020 _a9781693888
050 _aHD40
_b.K37
100 _aKAREEM, T . S
245 _aInventory Management
260 _aIbadan
_bTitles Publishing
_c2011
300 _aix, 158p.
942 _cBK
999 _c4300
_d4300